<?xml version="1.0" encoding="UTF-8"?>
<record
    xmlns:xsi="http://www.w3.org/2001/XMLSchema-instance"
    xsi:schemaLocation="http://www.loc.gov/MARC21/slim http://www.loc.gov/standards/marcxml/schema/MARC21slim.xsd"
    xmlns="http://www.loc.gov/MARC21/slim">

  <leader>04447nam a2200373 a 4500</leader>
  <controlfield tag="003">CHAP</controlfield>
  <controlfield tag="005">20250207135211.0</controlfield>
  <controlfield tag="007">ta</controlfield>
  <controlfield tag="008">250207s2024    mx ado|fom||| 001 0 spa d</controlfield>
  <datafield tag="040" ind1=" " ind2=" ">
    <subfield code="e">rda</subfield>
  </datafield>
  <datafield tag="041" ind1=" " ind2=" ">
    <subfield code="a">spa</subfield>
    <subfield code="b">eng</subfield>
  </datafield>
  <datafield tag="100" ind1="1" ind2=" ">
    <subfield code="a">Trujano Montiel, Edith</subfield>
    <subfield code="9">189593</subfield>
  </datafield>
  <datafield tag="245" ind1="1" ind2="0">
    <subfield code="a">Desarrollo de proveedores de leche de ovino para la agroindustria ex Hacienda el Zoquital /</subfield>
    <subfield code="c">Edith Trujano Montiel</subfield>
  </datafield>
  <datafield tag="264" ind1=" " ind2=" ">
    <subfield code="a">Chapingo, M&#xE9;xico :</subfield>
    <subfield code="b">El autor,</subfield>
    <subfield code="c">2024</subfield>
  </datafield>
  <datafield tag="300" ind1=" " ind2=" ">
    <subfield code="a">1 recurso en l&#xED;nea (xiii,79 p&#xE1;ginas) :</subfield>
    <subfield code="b">ilustraciones, tablas, gr&#xE1;ficas, fotograf&#xED;as</subfield>
  </datafield>
  <datafield tag="336" ind1=" " ind2=" ">
    <subfield code="2">rdacontent</subfield>
    <subfield code="a">texto</subfield>
    <subfield code="b">txt</subfield>
  </datafield>
  <datafield tag="337" ind1=" " ind2=" ">
    <subfield code="2">rdamedia</subfield>
    <subfield code="a">computadora</subfield>
    <subfield code="b">c</subfield>
  </datafield>
  <datafield tag="338" ind1=" " ind2=" ">
    <subfield code="2">rdacarrier</subfield>
    <subfield code="a">recurso en l&#xED;nea</subfield>
    <subfield code="b">cr</subfield>
  </datafield>
  <datafield tag="502" ind1=" " ind2=" ">
    <subfield code="a">Informe de Estancia Preprofesional</subfield>
    <subfield code="c">Agroindustrias</subfield>
    <subfield code="d">2024</subfield>
    <subfield code="g">LIC</subfield>
  </datafield>
  <datafield tag="504" ind1=" " ind2=" ">
    <subfield code="a">Bibliograf&#xED;a : p&#xE1;ginas 52-55</subfield>
  </datafield>
  <datafield tag="520" ind1="3" ind2=" ">
    <subfield code="a">Este proyecto presenta las acciones que se realizaron para buscar los mecanismos del desarrollo de la proveedur&#xED;a de leche de ovino para la agroindustria Ex Hacienda el Zoquital, conocer el estado actual de la empresa y ubicar los actores candidatos a la aplicaci&#xF3;n de un Programa de Desarrollo de Proveedores (PDP) de FIRA (Fideicomisos Instituidos en Relaci&#xF3;n con la Agricultura). De manera inicial, se realiz&#xF3; un diagn&#xF3;stico de la situaci&#xF3;n actual de la empresa mediante un an&#xE1;lisis FODA (fortalezas, oportunidades, debilidades y amenazas) y factorial; seguido de una evaluaci&#xF3;n de pr&#xE1;cticas de producci&#xF3;n de leche, conforme a las recomendaciones del Servicio Nacional de Sanidad, Inocuidad y Calidad Agroalimentaria (SENASICA) para conocer la situaci&#xF3;n interna de la empresa, a partir de la cual se planteen estrategias de mejora que puedan reproducirse en otras unidades de producci&#xF3;n; se plantea el mercado actual y una red de valor del queso de oveja. Posteriormente se convoc&#xF3; a productores de los municipios de Hidalgo: Atotonilco el Grande, Huasca de Ocampo, Mineral de la Reforma, Pachuca de Soto y Omitl&#xE1;n, a lo cual respondieron catorce interesados, siendo ninguno de ellos productores de leche de ovino, este resultado de manera sorpresiva es contrario a las estad&#xED;sticas de FAO (Organizaci&#xF3;n de las Naciones Unidas para la Alimentaci&#xF3;n y la Agricultura) por lo que se analizan estos datos. Finalmente dadas las condiciones encontradas tanto en la empresa, como la ausencia de productores de leche de ovino, la implementaci&#xF3;n de un PDP qued&#xF3; a reserva de FIRA.</subfield>
  </datafield>
  <datafield tag="520" ind1="3" ind2=" ">
    <subfield code="a">This project presents the actions carried out to seek the mechanisms of development of ovine milk supply for the agro-industry Ex Hacienda del Zoquital, to know the company&#x2019;s current state and identify the candidates for the application to a Supplier Development Program (PDP) of Trust Funds for Rural Development (FIRA) Firstly, a diagnosis of the enterprise&#x2019;s current situation was made through a SWOT analysis (Strengths, Weaknesses, Opportunities, and Threats) and a factorial one; followed by a milk production practice evaluation according to the SENASICA&#x2019;s (National Service of Safety, Innocuousness, and Agri-food Quality) recommendations to have knowledge of the enterprise&#x2019;s inner situation, to which improvement strategies are proposed in order that can be replicated in other production units; the current market and a sheep cheese value network are posed. Subsequently, producers from Hidalgo&#x2019;s municipalities were convened: Atotonilco el Grande, Huasca de Ocampo, Mineral de la Reforma, Pachuca de Soto, and Omitl&#xE1;n, from which fourteen interested parties responded, none of them being sheep milk producers. This result is surprisingly opposite to the FAO&#x2019;s (Food and Agriculture Organization) statistics, so that these data are analyzed. Finally given the conditions found both in the enterprise and the absence of ovine milk producers the implementation of a PDP was left to FIRA.</subfield>
  </datafield>
  <datafield tag="650" ind1="1" ind2="3">
    <subfield code="a">Leche</subfield>
    <subfield code="2">atg</subfield>
    <subfield code="9">65357</subfield>
  </datafield>
  <datafield tag="650" ind1="1" ind2="3">
    <subfield code="a">Leche de oveja</subfield>
    <subfield code="2">atg</subfield>
    <subfield code="x">Productores</subfield>
    <subfield code="9">146720</subfield>
  </datafield>
  <datafield tag="650" ind1="1" ind2="3">
    <subfield code="a">Industria lechera</subfield>
    <subfield code="2">atg</subfield>
    <subfield code="9">57819</subfield>
  </datafield>
  <datafield tag="650" ind1="1" ind2="3">
    <subfield code="a">Milk  </subfield>
    <subfield code="2">atg</subfield>
    <subfield code="9">147069</subfield>
  </datafield>
  <datafield tag="650" ind1="1" ind2="3">
    <subfield code="a">Ewe milk</subfield>
    <subfield code="2">atg</subfield>
    <subfield code="9">190085</subfield>
    <subfield code="x">Growers</subfield>
  </datafield>
  <datafield tag="650" ind1="1" ind2="3">
    <subfield code="a">Dairy industry</subfield>
    <subfield code="2">atg</subfield>
    <subfield code="9">147068</subfield>
  </datafield>
  <datafield tag="700" ind1="1" ind2=" ">
    <subfield code="a">Mart&#xED;nez Mosqueda, Francisco</subfield>
    <subfield code="9">148600</subfield>
    <subfield code="e">director</subfield>
  </datafield>
  <datafield tag="700" ind1="1" ind2=" ">
    <subfield code="a">Reyna Izaguirre, Diana Am&#xE9;rica</subfield>
    <subfield code="9">147338</subfield>
    <subfield code="e">asesora</subfield>
  </datafield>
  <datafield tag="700" ind1="1" ind2=" ">
    <subfield code="a">Mayor L&#xF3;pez, David</subfield>
    <subfield code="9">189601</subfield>
    <subfield code="e">asesor</subfield>
  </datafield>
  <datafield tag="856" ind1="4" ind2="0">
    <subfield code="y">DESCARGAR PDF</subfield>
    <subfield code="u">http://10.13.5.2/tesis/tl/1712664-3_TRUJANO_MONTIEL_EDITH.pdf</subfield>
  </datafield>
  <datafield tag="942" ind1=" " ind2=" ">
    <subfield code="2">Clasificaci&#xF3;n Universidad Aut&#xF3;noma Chapingo</subfield>
    <subfield code="c">TD</subfield>
  </datafield>
  <datafield tag="999" ind1=" " ind2=" ">
    <subfield code="c">220443</subfield>
    <subfield code="d">220443</subfield>
  </datafield>
  <datafield tag="952" ind1=" " ind2=" ">
    <subfield code="0">0</subfield>
    <subfield code="1">0</subfield>
    <subfield code="2">local</subfield>
    <subfield code="4">0</subfield>
    <subfield code="7">0</subfield>
    <subfield code="8">TesDigL</subfield>
    <subfield code="a">IA_</subfield>
    <subfield code="b">IA_</subfield>
    <subfield code="c">E_L</subfield>
    <subfield code="d">2025-02-07</subfield>
    <subfield code="e">El autor</subfield>
    <subfield code="l">0</subfield>
    <subfield code="p">1201015255</subfield>
    <subfield code="r">2025-02-07 13:51:43</subfield>
    <subfield code="w">2025-02-07</subfield>
    <subfield code="y">TD</subfield>
  </datafield>
</record>
